| 000 | 00572nam a22001937a 4500 | ||
|---|---|---|---|
| 005 | 20250722155115.0 | ||
| 010 | _aENG-146071 | ||
| 020 |
_c450.00 _a9788119524808 |
||
| 035 | _aEN-129603 | ||
| 037 | _bDBAD | ||
| 082 | _a616 | ||
| 100 |
_aKwakye, Derrick _983146 |
||
| 245 |
_aWealth: _bThe Dream of Many, But a Friend of Few/ _cDerrick Kwakye |
||
| 260 |
_aKolkata _bExceller Books _c2024 |
||
| 270 |
_aG1 Dream Apartment, Degree College Road _b Belgharia,Kolkata |
||
| 300 |
_a244p. _c21cm(pb) |
||
| 490 | _vPart I | ||
| 942 |
_2ddc _cEN _mKWA _h616 |
||
| 999 |
_c212468 _d212468 |
||